LEADER 00915nam a2200229 i 4500 001 000000156542 003 CaOOAMICUS 005 20061206000000.0 008 061206s2006 it u000 u ita u 013 $a133897 040 $aSeMil$bita 245 10$aSocrate /$ca cura di Armando Massarenti. 260 $aMilano :$bIl Sole 24 ORE,$c2006. 300 $a581 p. :$bill. ;$c22 cm. 490 0 $aI grandi filosofi : vita, pensiero, opere scelte ;$v1 600 04$aSocrate.$0(OLS)http://semarc/subject/3680 700 1 $aMassarenti, Armando.$0(OLS)http://semarc/name/7791 830 2$aI grandi filosofi : vita, pensiero, opere scelte ;$v1.$0(OLS)http://semarc/title/22435 850 $aSeMil 852 $aSeMil$W1$xVenegono$y1$m2P VI 325$j108304$B108304$CSeMilBibl$Z2$F119186 $81 996 $6245$aSocrate$9(OLS)http://semarc/title/109374 996 $6260$aMilano :$bIl Sole 24 ORE$9(OLS)http://semarc/publisher/32564 LEADER 01126nam a2200241 i 4500 001 000000068751 003 CaOOAMICUS 005 20170823000000.0 008 170823s1972 xxu u000 u eng u 013 $a39923 040 $aSeMil$bita 245 10$aLamentations :$bintroduction, translation, and notes /$cIntroduction, translation, and notes by Delbert R. Hillers. 260 $aGarden City, New York :$bDoubleday,$c1972. 300 $aXLVIII, 116 p. ;$c24 cm. 490 0 $aThe Anchor Bible ;$v7.A 650 4$aBibbia. Antico Testamento. Lamentazioni - Commentari, studi, critica, interpretazioni.$0(OLS)http://semarc/subject/13557 700 1 $aHillers, Delbert R.,$d<1932-1999>.$0(OLS)http://semarc/name/34333 830 4$aThe Anchor Bible ;$v7.A.$0(OLS)http://semarc/title/472 850 $aSeMil 852 $aSeMil$W1$xVenegono$y1$mSL1.R II 7A$j34904$B34904$CSeMilBibl$Z2$F34907 $8I 961 $aAcquisto: Casa editrice 996 $6245$aLamentations :$bintroduction, translation, and notes$9(OLS)http://semarc/title/402701 996 $6260$aGarden City, New York :$bDoubleday$9(OLS)http://semarc/publisher/29803